Mens NCAA March Madness Bracket 2025 - Final 4, Finals, and Champion - Statistics

General Stats
  • This quiz has been taken 17 times
  • The average score is 5 of 7
Answer Stats
Hint Answer % Correct
1 Duke
92%
1 Florida
75%
Finals - 1 Florida
75%
1 Auburn
67%
Champion - 1 Florida
67%
1 Houston
67%
Finals - 1 Houston
67%
No matching quizzes found
Score Distribution
Percent of People with Each Score
Percentile by Number Answered
Your Score History
You have not taken this quiz